Statistiques concernant Prince Ali - Aladdin [Paroles entières]

Cliquez ici pour prendre le quiz!

Statistiques générales

  • Ce quiz a été pris 716 fois
    (347 depuis la dernière actualisation)
  • Le résultat moyen est 223 sur 419

Statistiques - réponses

XParoles% Correct
à
100%
a
100%
| ReprisePrince
100%
A
100%
Ali
98%
Ce
96%
ce
96%
de
94%
Le
92%
le
92%
c'est
91%
| Chanson | DialogueC'est
91%
se
90%
lui
89%
La
88%
vous
87%
il
86%
| ChansonIl
86%
que
86%
et
84%
| ChansonEt
84%
Au
82%
Sa
82%
au
82%
sa
82%
Oui
81%
oui
81%
Pas
80%
pas
80%
son
79%
un
79%
Un
79%
fait
78%
bien
78%
tout
77%
une
77%
ChansonUne
77%
| DialogueTout
77%
voir
76%
ne
75%
me
75%
avec
75%
super
75%
Avec
75%
DialogueNe
75%
DialogueSuper
75%
| ChansonVenez
74%
place
73%
allez
73%
plus
72%
seul
72%
| ChansonDes
72%
Plus
72%
des
72%
chameaux
71%
épée
71%
Faites
71%
ChansonFaites
71%
armée
70%
ça
69%
Qui
69%
qui
69%
chamelles
68%
| DialogueJe
68%
je
68%
dégagez
68%
Bande
68%
cent
66%
en
66%
si
65%
on
65%
fort
65%
est
64%
vaincu
64%
Est
64%
genoux
63%
grand
63%
bras
63%
Soyez
62%
trois
62%
acclamer
61%
bout
61%
ravis
61%
connais
59%
panique
59%
superstar
59%
spectacle
59%
d'Arabie
59%
tambours
59%
porte
59%
l'idole
57%
seigneurie
57%
veinards
57%
beau
57%
mon
55%
Salaam
55%
calme
55%
Criez
55%
Vive
54%
ménagerie
54%
applaudir
54%
terreur
54%
vive
54%
pour
52%
Clochettes
52%
ennemis
52%
n'en
52%
prosternez-vous
51%
du
50%
leurs
48%
jour
47%
ailes
46%
adorer
46%
menton
46%
m'a
45%
ma
45%
gorilles
45%
bazar
43%
j'ai
43%
zoo
42%
ChansonQuel
41%
Dhabi
41%
ChansonMoi
41%
bouc
40%
grâce
40%
protègent
39%
monde
39%
caravane
38%
fille
38%
qu'il
38%
Fêtez
38%
paons
36%
Simone
36%
sont
35%
jolie
35%
y
34%
les
34%
balcon
34%
Quelle
34%
votre
34%
mignons
33%
Cornes
32%
d'Abu
31%
| DialogueSes
31%
ses
31%
charmant
31%
voile
29%
Cet
29%
cet
29%
qu'ils
29%
sont-ils
28%
ici
28%
assiège
28%
amoureux
27%
cortège
25%
Thierry
24%
Voilà
23%
zouk
23%
éléphants
23%
pavanent
21%
j'adore
21%
plumes
21%
Ababwa
19%
vie
19%
physique
19%
pourquoi
19%
s'évanouit
18%
acrobates
16%
singes
16%
deux
14%
oiseaux
13%
jouent
12%
fin
12%
Mais
11%
payant
11%
gratuit
11%
mes
11%
lions
10%
travaillent
10%
donnerait
10%
quarante
10%
pourtant
10%
DialogueToutes
10%
crient
9%
esclaves
9%
ChansonServiteurs
9%
vrai
9%
persans
9%
cents
9%
vole
8%
femmes
7%
clairon
7%
n'est
7%
DialogueOh
7%
fakirs
7%
batterie
7%
chacun
7%
magnétique
6%
DialogueAh
6%
vraiment
5%
DialogueFiers
5%
trente
5%
donc
5%
ours
4%
puis
4%
servir
4%
rien
4%
chefs
4%
obéit
4%
plein
3%
coeur
3%
mal
3%
banal
3%
bon
3%
désert
2%
D'un
2%
superman
2%
jamais
2%
trésor
2%
royal
2%
guerrier
2%
sens
2%
cador
2%
ex
2%
crois
1%
compris
1%
original
1%
fanas
1%
loin
1%
Loin
1%
voyou
1%
touchée
1%
gredin
1%
veut
1%
l'avez
1%
vent
1%
traîne-misère
0%
Adieu
0%
whoopee
0%
Trompeuse
0%
fond
0%
dure
0%
frontières
0%
mirage
0%
visages
0%
colère
0%
battant
0%
Saluez
0%
chimères
0%
jusqu'en
0%
enfer
0%
savants
0%
voler
0%
d'envoyer
0%
après
0%
devoir
0%
l'image
0%
vainqueur
0%
L'imposture
0%
précieux
0%
apparence
0%
Croyez-moi
0%
qu'Aladdin
0%
tricher
0%
efface
0%

Distribution des résultats

Percentile par nombre de réponses

% des personnes avec chaque résultat

Votre développement - résultats

Vous n’avez pas pris ce quiz depuis la dernière actualisation